000 00304nam a2200121 a 4500
008 100922s1978|||| d
100 1 _aFerko, Milan
245 1 0 _aJánošík
_bTraste sa kaštiele
260 _c1978
_aBratislava
_bSlovenský spisovateľ
020 _c55
044 _axo
_cSK
041 _aslo
999 _c10594
_d10594